000 01260nam a2200265Ia 4500
999 _c54134
_d54134
001 21189
003 GE_BSU
005 20210719180014.0
008 181216s2008||||ge |||||||||||||| ||geo||
020 _a9789941100499
040 _cGE_BSU
041 _ageo
080 _a340.1+321.01 თ-42
100 _aთეზელიშვილი, სოლომონ
_912293
245 _aსახელმწიფოსა და სამართლის თეორია :
_b(ენციკლოპედიური მასალა) /
_cსოლომონ თეზელიშვილი ; მთ. რედ. თამაზ ბარაბაძე ; რედ. თამუნა აბსანაძე.
264 _aთბილისი :
_bმერიდიანი,
_c2008.
300 _a840 გვ. ;
_c20 სმ.
541 _h20ლ.
653 _aსამართალი
653 _aსახელმწიფოს თეორია
653 _a სამართლის თეორია
700 _aბარაბაძე, თამაზ
_eმთ. რედაქტორი
_912294
700 _aაბსანაძე, თამუნა
_eრედაქტორი
_912295
942 _cBK
_2udc